Bioinformatics (Record no. 30055)

MARC details
000 -LEADER
fixed length control field 00888nam a2200133Ia 4500
008 - FIXED-LENGTH DATA ELEMENTS--GENERAL INFORMATION
fixed length control field 220620s9999||||xx |||||||||||||| ||und||
020 ## - INTERNATIONAL STANDARD BOOK NUMBER
International Standard Book Number 9780650000000
245 #0 - TITLE STATEMENT
Title Bioinformatics
546 ## - LANGUAGE NOTE
Language note English[eng]
650 ## - SUBJECT ADDED ENTRY--TOPICAL TERM
Topical term or geographic name entry element Text Mining Gene Selection; Biological Big Data; Single-Cell RNA Sequencing; Large-Scale Structural Rearrangements in Chromosomes; Machine Learning Approaches; Biomarker Discovery; Gene Expression Data; Bayesian Inference of Gene Expression; Error-Correction Methodologies; Genome Sequencing Data; Plant Transcriptome Assembly; Aligned Pattern Clustering System; Pattern Analysis; Hidden Markov Models; Viral Classification and Discovery; Pattern Discovery and Disentanglement; Aligned Pattern Cluster Analysis; Protein Binding Complexes Detection
700 ## - ADDED ENTRY--PERSONAL NAME
Personal name Nakaya, Helder I
856 ## - ELECTRONIC LOCATION AND ACCESS
Uniform Resource Identifier <a href="https://exonpublications.com/index.php/exon/issue/view/13">https://exonpublications.com/index.php/exon/issue/view/13</a>
942 ## - ADDED ENTRY ELEMENTS (KOHA)
Koha item type E-Books
Holdings
Withdrawn status Lost status Damaged status Not for loan Home library Current library Date acquired Total Checkouts Date last seen Price effective from Koha item type
        Kerala University of Digital Sciences, Innovation and Technology Knowledge Centre Kerala University of Digital Sciences, Innovation and Technology Knowledge Centre 20/06/2022   20/06/2022 20/06/2022 E-Books